Szczegóły MARC21

Oxford advanced learner's dictionary of Current English : B2-C2 /

003 -Nazwa inst., której nr kontr. jest w polu 001 [,]
    • @
    • Nazwa instytucji, której n kontrolny jest w polu 001
    • NUKAT
005 -DATA I CZAS OSTATNIEJ MODYFIKACJI [,]
    • @
    • pole kontrolne
    • 20241231104010.0
020 -Międzynarod. znormalizowany nr książki - ISBN [ , ]
    • a
    • Numer ISBN
    • 9780194798488 Find
    • q
    • Dopowiedzenie
    • (paperback/app/online pack)
020 -Międzynarod. znormalizowany nr książki - ISBN [ , ]
    • a
    • Numer ISBN
    • 9780194798495 Find
    • q
    • Dopowiedzenie
    • (paperback/app/online pack)
020 -Międzynarod. znormalizowany nr książki - ISBN [ , ]
    • a
    • Numer ISBN
    • 9780194798549 Find
    • q
    • Dopowiedzenie
    • (paperback in pack)
020 -Międzynarod. znormalizowany nr książki - ISBN [ , ]
    • a
    • Numer ISBN
    • 9780194798556 Find
    • q
    • Dopowiedzenie
    • (hardback in pack)
020 -Międzynarod. znormalizowany nr książki - ISBN [ , ]
    • a
    • Numer ISBN
    • 9780194798624 Find
    • q
    • Dopowiedzenie
    • (app)
020 -Międzynarod. znormalizowany nr książki - ISBN [ , ]
    • a
    • Numer ISBN
    • 9780194798730 Find
    • q
    • Dopowiedzenie
    • (online access)
040 -Instytucja sporządzająca opis [ , ]
    • a
    • Instytucja, która sporządziła opis (NP)
    • TARN 010/DO
    • b
    • Język katalogowania
    • pol
    • e
    • Zasady katalogowania
    • rda
    • c
    • Instytucja, która sporządziła rekord (NP)
    • TARN 010/DO
942 -Rodzaj dokumentu [ , ]
    • c
    • Rodzaj dokumentu
    • Książka
100 -Hasło główne - nazwa osobowa [1, ]
    • a
    • Nazwa osobowa (NP)
    • Hornby, Albert Sydney
    • d
    • Daty biograficzne (NP)
    • (1898-1978).
    • e
    • Rodzaj współpracy
    • Autor
    • 9
    • KHW
    • 57885
245 -Strefa tytułu i oznaczenia odpowiedzialności [1,0]
    • a
    • Tytuł
    • Oxford advanced learner's dictionary of Current English : Find
    • b
    • Ciąg dalszy tytułu (NP)
    • B2-C2 / Find
    • c
    • Pozostałe elementy strefy tytułu i oznaczenia odpowiedzialności (NP)
    • A. S. Hornby.
250 -Strefa wydania [ , ]
    • a
    • Oznaczenie wydania (NP)
    • 10th Edition.
260 -Strefa adresu wydawniczego [ , ]
    • a
    • Miejsce wydania (P)
    • Oxford :
    • b
    • Nazwa wydawcy (P)
    • Oxford University Press,
    • c
    • Data wydania (P)
    • 2023.
300 -Strefa opisu fizycznego [ , ]
    • a
    • Określenie formy książki i/lub objętość (NP)
    • XII, 1820, WT30, ST 10, V56, R31, [1] strona : ilustracje ;
    • c
    • Format (NP)
    • 24 cm.
336 -Typ zawartości [ , ]
    • a
    • Termin opisujący typ zawartości
    • Tekst
    • b
    • Kod określający zawartość
    • txt
    • 2
    • Źródło (terminu i kodu)
    • rdacontent
337 -Typ mediów [ , ]
    • a
    • Tryb odtwarzania
    • Bez urządzenia pośredniczącego
    • b
    • Kod typu mediów
    • n
    • 2
    • Źródło (terminu i kodu)
    • rdamedia
338 -Typ/rodzaj nośnika [ , ]
    • a
    • Hasło opisujące typ nośnika
    • Wolumin
    • b
    • Kod typu nośnika
    • nc
    • 2
    • Źródło (terminu i kodu)
    • rdacarrier
500 -Uwaga ogólna [ , ]
    • a
    • Uwaga ogólna (NP)
    • Dostępny również online i jako aplikacja.
650 -Hasło przedmiotowe [ ,7]
    • a
    • Hasło przedmiotowe
    • Język angielski
    • v
    • Określnik formalny
    • słowniki.
    • 2
    • Źródło terminu
    • kaba
    • 9
    • KHW
    • 112996
650 -Hasło przedmiotowe [ ,7]
    • a
    • Hasło przedmiotowe
    • Język angielski
    • x
    • Określnik rzeczowy
    • neologizmy
    • v
    • Określnik formalny
    • słowniki.
    • 2
    • Źródło terminu
    • kaba
    • 9
    • KHW
    • 414849
710 -Hasło dodatkowe - nazwa ciała zbiorowego [2, ]
    • a
    • Nazwa ciała zbiorowego lub nazwa geograficzna jako pierwszy element (NP)
    • Oxford University Press.
    • e
    • Rodzaj współpracy
    • Wydawca
    • 4
    • Kod relacji
    • pbl
    • 9
    • KHW
    • 612839
920 -ISBN [ , ]
    • a
    • ISBN
    • 978-0-19-479848-8 Find
    • q
    • Dopowiedzenie
    • (paperback/app/online pack)
920 -ISBN [ , ]
    • a
    • ISBN
    • 978-0-19-479849-5 Find
    • q
    • Dopowiedzenie
    • (paperback/app/online pack)
920 -ISBN [ , ]
    • a
    • ISBN
    • 978-0-19-479854-9 Find
    • q
    • Dopowiedzenie
    • (paperback in pack)
920 -ISBN [ , ]
    • a
    • ISBN
    • 978-019-479855-6 Find
    • q
    • Dopowiedzenie
    • (hardback in pack)
920 -ISBN [ , ]
    • a
    • ISBN
    • 978-0-19-479862-4 Find
    • q
    • Dopowiedzenie
    • (app)
920 -ISBN [ , ]
    • a
    • ISBN
    • 978-0-19-479873-0 Find
    • q
    • Dopowiedzenie
    • (online access)
Lokalizacja Data inwentaryzacji Numer inwentarzowy Sygnatura Status udost.
BG2023-09-20Z.126310Z.1263101